Design ideas for bathrooms
| Main Author: | |
|---|---|
| Format: | Book |
| Published: |
United States :
Creative Homeowner ,
2005
|
| Subjects: |
MARC
| LEADER | 00000cam a2200000 7i4500 | ||
|---|---|---|---|
| 001 | 0000017029 | ||
| 005 | 20080506.0 | ||
| 008 | 060508 | ||
| 020 | |a 158011234X | ||
| 090 | 0 | 0 | |a 747.78 |b HIL |
| 100 | 1 | |a Hillstrom, Susan Boyle | |
| 245 | 1 | 0 | |a Design ideas for bathrooms |c Susan Boyle Hillstrom |
| 260 | |a United States : |b Creative Homeowner , |c 2005 | ||
| 650 | 0 | |a Architecture |x Bathrooms | |
| 650 | 0 | |a Bathrooms |x Interior design | |
| 650 | 0 | |a Home decoration | |
| 999 | |a 0001014014 |b Book |c Adult Collection |e Perbadanan Perpustakaan Awam Johor | ||